00556nam a2200157 a 450000100100000000500170001000800410002704000250006811000590009324500240015226000560017630000350023204900090026795201050027699900170038100003116620200930062739.0110614s2004 dr ac 000 0 spa d aDO-SdBNPbspacBNPHU1 aConsejo de Fundaciones Americanas de Desarrollo95764310aInforme anual 2004. aSanto Domingo :bSolidarios,c2004fAmigo del Hogar a48 p. :bil., retrs. ;c28 cm. aBNPD 0010718PDaPDbPDcCTd2011-06-14iLF1l0o p31166-10r2020-06-25w2020-06-25yLFPDZNo se presta c30658d30658